Skoczkowie narciarscy z Polski - nagła śmierć - Statystyki

Ogólne statystyki
  • Ten quiz został rozwiązany 181 razy
    179 od ostatniego zresetowania
  • Średni wynik to 12 z 15
Answers on the Grid
Answers color-coded by a green-red scale on the quiz's grid according to % correct below.
Adam Małysz
Andrzej Stękała
Anton Korczuk
Antonín Hájek
Dawid Kubacki
Fatih Adra Ipcioglu
Filip Sakala
Francesco Cecon
Hektor Kapustik
Jakub Janda
Jakub Kot
Jan Hoerl
Jan Matura
Józef Przybyła
Kacper Tomasiak
Kamil Stoch
Klemens Joniak
Krzysztof Biegun
Łukasz Łukaszczyk
Patrik Gasienica
Paweł Wąsek
Piotr Żyła
Ren Nikaido
Robert Mateja
Roman Koudelka
Stanisław Bobak
Stanisław Marusarz
Tomáš Zmoray
Viktor Polasek
Vitaly Kalinichenko
 
Statystyki odpowiedzi
Odpowiedź % Poprawnych
Adam Małysz
100%
Andrzej Stękała
96%
Dawid Kubacki
95%
Jakub Kot
88%
Kamil Stoch
87%
Paweł Wąsek
85%
Piotr Żyła
85%
Krzysztof Biegun
77%
Kacper Tomasiak
75%
Stanisław Bobak
73%
Stanisław Marusarz
73%
Robert Mateja
72%
Józef Przybyła
70%
Łukasz Łukaszczyk
65%
Klemens Joniak
64%
Nie znaleziono quizów pasujących do podanych kryteriów
Rozkład punktacji
Procent ludzi z każdym wynikiem
Percentyl według liczby udzielonych odpowiedzi
Twoja historia wyników
Nie rozwiązałeś tego quizu od ostatniego zresetowania